Online
Catalog

La modernización de la contraloria y su impacto en el control fiscal. / (Record no. 47777)

MARC details
000 -CABECERA
campo de control de longitud fija 00572nam a2200157 a 4500
001 - NÚMERO DE CONTROL
campo de control 000048289
005 - FECHA Y HORA DE LA ÚLTIMA TRANSACCIÓN
campo de control 20240229180118.0
008 - DATOS DE LONGITUD FIJA--INFORMACIÓN GENERAL
campo de control de longitud fija 181212s1999 dr r 000 0 spa d
040 ## - FUENTE DE LA CATALOGACIÓN
Centro catalogador/agencia de origen DO-SdBNP
Lengua de catalogación spa
Centro/agencia transcriptor BNPHU
082 ## - NÚMERO DE LA CLASIFICACIÓN DECIMAL DEWEY
Número de clasificación xxx
Número de documento/Ítem N576m
100 1# - ENTRADA PRINCIPAL--NOMBRE DE PERSONA
Nombre de persona Ng Cortiñas, Haivanjoe
9 (RLIN) 21599
245 10 - MENCIÓN DE TÍTULO
Título La modernización de la contraloria y su impacto en el control fiscal. /
Mención de responsabilidad, etc. Haivanjoe NG Cortiñas.
260 ## - PUBLICACIÓN, DISTRIBUCIÓN, ETC.
Lugar de publicación, distribución, etc. Bávaro, Higüey, República Dominicana :
Nombre del editor, distribuidor, etc. Contraloría General de la República Dominicana,
Fecha de publicación, distribución, etc. 1999.
300 ## - DESCRIPCIÓN FÍSICA
Extensión 29 p. ;
Dimensiones 21 cm.
590 ## - NOTA LOCAL (RLIN)
Nota local Inventariado, 2019 / DG
Holdings
Estado de retiro Estado de pérdida No para préstamo Código de colección Localización permanente Ubicación/localización actual Ubicación en estantería Fecha de adquisición Número de inventario Total de préstamos Signatura topográfica completa Código de barras Fecha visto por última vez Precio válido a partir de Tipo de ítem Koha
    Excluido de préstamo Patrimonio Dominicano Patrimonio Dominicano Patrimonio Dominicano Depósito 12.12.2018 LF1   xxx N576m 48289-10 25.06.2020 25.06.2020 Libro y Folleto Colección Patrimonio Dominicano

Powered by Koha